Flora medicinal de la provincia de Córdova Argentina: pteridófritas y antófitas silvestres o naturalizadas

Gespeichert in:
Bibliographische Detailangaben
1. Verfasser: Barboza, Gloria E
Weitere Verfasser: Cantero, Juan José, Nuñez, Cesár O, Ariza Espinar, Luis
Format: Buch
Sprache:Spanisch
Veröffentlicht: Córdoba, Argentina Universidad de Córdova 2006
Schlagworte:
Tags: Tag hinzufügen
Keine Tags, Fügen Sie den ersten Tag hinzu!

MARC

LEADER 00000nam a2200000 a 4500
001 UCJ2208
003 CL-VaPUC
005 20230818074212.0
008 061201e20060000AG |||||||||||||||||spa|d
999 |c 318558  |d 318556 
020 |a 9879869419 
040 |c Pontificia Universidad Católica de Valparaíso 
082 0 4 |a 633.8288 BAR 2006  |2 21 
100 0 |a Barboza, Gloria E  |9 503130 
245 1 0 |a Flora medicinal de la provincia de Córdova Argentina: pteridófritas y antófitas silvestres o naturalizadas 
260 0 3 |a Córdoba, Argentina  |b Universidad de Córdova  |c 2006 
300 |a 1251 páginas 
583 |a last modification  |c 20061201 00:00:00  |k Rodrigo Vera 
650 0 |a Plantas medicinales  |9 334373 
650 0 |a Hierbas   |9 339681 
650 7 |a BOTANICA MEDICA  |2 CL-VaPUC  |9 264813 
650 0 |a Propagación de plantas  |9 339631 
650 7 |a PLANTAS AROMATICAS  |2 CL-VaPUC  |9 366018 
650 0 |a Cultivo  |9 264268 
700 0 |a Cantero, Juan José  |9 503131 
700 0 |a Nuñez, Cesár O  |9 503132 
700 0 |a Ariza Espinar, Luis  |9 503133 
942 |c BK  |2 ddc 
945 |d 20061201 00:00:00  |a jtorresc 
952 |0 0  |1 0  |2 ddc  |4 0  |6 633_828800000000000_BAR_2006  |7 0  |8 X  |9 396408  |a BIBCUR  |b BIBCUR  |d 2019-11-22  |i 4259904  |o 633.8288 BAR 2006  |p 4259904  |r 2025-04-22  |t 1  |w 2019-11-22  |y BK_X  |k BIO